Mẹo hay trong cuộc sống gia đình hiện đại

Enregistré dans:
Détails bibliographiques
Auteur principal: Trà Mi
Format: Livre
Langue:Undetermined
Publié: H. VHTT 2002
Sujets:
Tags: Ajouter un tag
Pas de tags, Soyez le premier à ajouter un tag!
Thư viện lưu trữ: Trung tâm Học liệu Trường Đại học Cần Thơ
LEADER 00496nam a2200181Ia 4500
001 CTU_54416
008 210402s9999 xx 000 0 und d
020 |b 18000 
082 |a 640 
082 |b Tr100 
100 |a Trà Mi 
245 0 |a Mẹo hay trong cuộc sống gia đình hiện đại 
245 0 |c Trà My và Hoài Thu 
260 |a H. 
260 |b VHTT 
260 |c 2002 
650 |a home economics,family life 
980 |a Trung tâm Học liệu Trường Đại học Cần Thơ